header

Basic Technical Mathematics (Record no. 254104)

MARC details
000 -LEADER
fixed length control field 00438nam a22001697a 4500
003 - CONTROL NUMBER IDENTIFIER
control field OSt
005 - DATE AND TIME OF LATEST TRANSACTION
control field 20160527094226.0
008 - FIXED-LENGTH DATA ELEMENTS--GENERAL INFORMATION
fixed length control field 160527b xxu||||| |||| 00| 0 eng d
020 ## - INTERNATIONAL STANDARD BOOK NUMBER
International Standard Book Number 0805395202
040 ## - CATALOGING SOURCE
Transcribing agency n/a
050 ## - LIBRARY OF CONGRESS CALL NUMBER
Classification number QA39.2
Item number .W37 1978
100 ## - MAIN ENTRY--PERSONAL NAME
Personal name Washington J. Allyn
245 ## - TITLE STATEMENT
Title Basic Technical Mathematics
250 ## - EDITION STATEMENT
Edition statement 3rd ed
260 ## - PUBLICATION, DISTRIBUTION, ETC. (IMPRINT)
Place of publication, distribution, etc USA
Name of publisher, distributor, etc The Benjamin/Cummings Publishing Company, Inc
Date of publication, distribution, etc 1978
942 ## - ADDED ENTRY ELEMENTS (KOHA)
Source of classification or shelving scheme Library of Congress Classification
Koha item type Long Loan Books
Holdings
Withdrawn status Lost status Source of classification or shelving scheme Damaged status Not for loan Collection code Home library Current library Shelving location Date acquired Total Checkouts Full call number Barcode Date last seen Date checked out Price effective from Koha item type
    Library of Congress Classification     Non-fiction Rongo University Library Rongo University Library General Stacks 27/05/2016 7 QA39.2 .W37 1978 20088200 04/02/2020 04/02/2020 27/05/2016 Long Loan Books

© 2026 Rongo University
Contact us: librarian | system librarian | Rongo university